[Event "GRE-ch South U12"]
[Site "Athens"]
[Date "2020.09.02"]
[Round "8"]
[White "Lupu, Nikolaos"]
[Black "Amiris, Emmanouil"]
[Result "1/2-1/2"]
[WhiteElo "1226"]
[BlackElo "1601"]
[PlyCount "59"]
[EventDate "2020.08.28"]
[EventType "swiss"]
[EventRounds "9"]
[EventCountry "GRE"]
[SourceTitle "EXT 2023"]
[Source "ChessBase"]
[SourceDate "2022.10.05"]
[SourceVersion "1"]
[SourceVersionDate "2022.10.05"]
[SourceQuality "1"]

1. e4 c5 2. c3 d6 3. d4 cxd4 4. cxd4 Nf6 5. Nc3 a6 6. Nf3 g6 7. Be3 Bg7 8. h3 h5 9. Bd3 0-0 10. Qd2 b5 11. 0-0 Bb7 12. b4 Nc6 13. a3 Nd7 14. Bh6 Kh7 15. Bxg7 Kxg7 16. Ne2 Qb6 17. Qb2 e5 18. d5 Ne7 19. Ng5 Rfc8 20. Kh2 f6 21. Ne6+ Kg8 22. Bc2 Kh7 23. Bb3 a5 24. f3 a4 25. Ba2 Qe3 26. Rac1 Nb6 27. Rxc8 Rxc8 28. Rc1 Qf2 29. Rxc8 Bxc8 30. Qc2 1/2-1/2

[Event "GRE-ch South U12"]
[Site "Athens"]
[Date "2020.09.01"]
[Round "7"]
[White "Mourelatos, Spyridon"]
[Black "Lupu, Nikolaos"]
[Result "1/2-1/2"]
[WhiteElo "1669"]
[BlackElo "1226"]
[PlyCount "144"]
[EventDate "2020.08.28"]
[EventType "swiss"]
[EventRounds "9"]
[EventCountry "GRE"]
[SourceTitle "EXT 2023"]
[Source "ChessBase"]
[SourceDate "2022.10.05"]
[SourceVersion "1"]
[SourceVersionDate "2022.10.05"]
[SourceQuality "1"]

1. e4 c5 2. Nf3 Nc6 3. d4 cxd4 4. Nxd4 g6 5. Nc3 Bg7 6. Be3 Nf6 7. f3 0-0 8. Qd2 d5 9. Nxc6 bxc6 10. Rd1 Bb7 11. e5 Nd7 12. f4 Nb6 13. h4 Bc8 14. Be2 Bf5 15. g4 Be4 16. Nxe4 dxe4 17. Qb4 Nd5 18. Qxe4 Qa5+ 19. Bd2 Qxa2 20. b3 Qb2 21. Rh3 f6 22. c4 Nb6 23. exf6 exf6 24. Qe6+ Kh8 25. Qxc6 Rfe8 26. Qf3 Qd4 27. Kf1 Rad8 28. Be3 Qb2 29. Rxd8 Rxd8 30. Bxb6 Qa1+ 31. Kg2 axb6 32. Rh1 Qa2 33. Kg3 f5 34. Rd1 Rxd1 35. Bxd1 Bd4 36. Qe2 Qxe2 37. Bxe2 fxg4 38. Bxg4 h5 39. Bd7 Bc3 40. f5 Be1+ 41. Kh3 gxf5 42. Be8 Kg7 43. Bxh5 Kh6 44. Be8 Bd2 45. h5 Kg5 46. Kg3 Kf6 47. Kf3 Ke5 48. Ke2 Bh6 49. Kd3 Kd6 50. b4 f4 51. Ke4 Bg5 52. Bg6 Bh6 53. Bf5 Bg5 54. Bg4 f3 55. Bxf3 Bd2 56. b5 Ke6 57. Bg4+ Kf7 58. c5 bxc5 59. b6 Ba5 60. b7 Bc7 61. Kd5 Kg7 62. Kxc5 Kh6 63. Kc6 Bg3 64. Kd7 Kg5 65. Kc8 Kh6 66. b8Q Bxb8 67. Kxb8 Kg7 68. Kc7 Kh7 69. Kd7 Kh8 70. Ke6 Kg8 71. Bf5 Kg7 72. Bg6 Kh8 1/2-1/2